Histoire des idées religieuses en Allemagne (Record no. 157717)
[ view plain ]
| 000 -LEADER | |
|---|---|
| campo de control de longitud fija | 00759nam a22002055i 4500 |
| 001 - NÚMERO DE CONTROL | |
| campo de control | 157717 |
| 003 - IDENTIFICADOR DE NÚMERO DE CONTROL | |
| campo de control | ES-MaACL |
| 005 - FECHA Y HORA DE LA ÚLTIMA TRANSACCIÓN | |
| campo de control | 20250728110715.0 |
| 008 - DATOS DE LONGITUD FIJA--INFORMACIÓN GENERAL | |
| campo de control de longitud fija | 000214s1873 fr |||| | fre d |
| 040 ## - FUENTE DE CATALOGACIÓN | |
| Centro catalogador/agencia de origen | CCPB | B |
| Lengua de catalogación | spa |
| Centro/agencia transcriptor | CCPB | B |
| 100 1# - ENTRADA PRINCIPAL--NOMBRE DE PERSONA | |
| Nombre de persona | Lichtenberger, Frédéric ( |
| Fechas asociadas al nombre | 1832-1899) |
| 9 (RLIN) | 128942 |
| 245 10 - MENCIÓN DEL TÍTULO | |
| Título | Histoire des idées religieuses en Allemagne |
| Resto del título | : depuis le millieu du XVIIIe siècle jusqu´a nos jours / |
| Mención de responsabilidad, etc. | par F. Lichtenberger. |
| 260 ## - PUBLICACIÓN, DISTRIBUCIÓN, ETC. | |
| Lugar de publicación, distribución, etc. | Paris : |
| Nombre del editor, distribuidor, etc. | Sandoz et Fischbacher, éditeurs, |
| Fecha de publicación, distribución, etc. | 1873. |
| 300 ## - DESCRIPCIÓN FÍSICA | |
| Extensión | 3 v. ; |
| Dimensiones | 22 cm. |
| 650 #7 - PUNTO DE ACCESO ADICIONAL DE MATERIA--TÉRMINO DE MATERIA | |
| Término de materia o nombre geográfico como elemento de entrada | Religión |
| Fuente del encabezamiento o término | embne |
| 9 (RLIN) | 16797 |
| 752 ## - ENTRADA AGREGADA--NOMBRE JERÁRQUICO DEL LUGAR | |
| País o entidad superior | Francia - |
| Ciudad | París |
| 852 ## - LOCALIZACIÓN | |
| Ubicación | ES-MaACL |
| Número de control de estantería | D-4608-4610 |
| Nota libre | -- Enc. cartón |
| 852 ## - LOCALIZACIÓN | |
| Ubicación | ES-MaACL |
| Número de control de estantería | G-8099-8101 |
| Nota libre | -- Enc. cartón |
| Estatus retirado | Estado de pérdida | Estado de daño | No para préstamo | Colección | Biblioteca de origen | Biblioteca actual | Ubicación en estantería | Fecha de adquisición | Fuente de adquisición | Total de préstamos | Signatura topográfica completa | Código de barras | Visto por última vez | Precio de reemplazo | Tipo de ítem Koha |
|---|---|---|---|---|---|---|---|---|---|---|---|---|---|---|---|
| Libros del s. XIX | Biblioteca del Ateneo de Madrid | Biblioteca del Ateneo de Madrid | Sala Pecera Planta 3 | 17/01/2008 | G-8099-8101 | 1165049 | 23/02/2023 | 23/02/2023 | Libro impreso antiguo | ||||||
| Libros del s. XIX | Biblioteca del Ateneo de Madrid | Biblioteca del Ateneo de Madrid | Sala Valle Inclán | 17/01/2008 | D-4608-4610 | 901165048 | 23/02/2023 | 23/02/2023 | Libro impreso antiguo |
